Sports Quiz

Random Sports or Cricket Quiz

20/20 Cricket top score Quiz Stats

Quiz not verified by Sporcle

Challenge
Share
Tweet
Embed
Score 0/55 Timer 12:00
0 Plays Today
Runs % Correct
117Chris Gayle
98%
98Chris Gayle
98%
88Chris Gayle
98%
116*Brendan McCullum
91%
89*Graeme Smith
84.5%
88Graeme Smith
84.5%
71*Graeme Smith
84.5%
100Mahela Jayawardene
80.5%
98*Mahela Jayawardene
80.5%
81Mahela Jayawardene
80.5%
78Mahela Jayawardene
80.5%
98*Ricky Ponting
80%
76Ricky Ponting
80%
79*AB de Villiers
75.5%
79Kevin Pietersen
75.5%
73*Kevin Pietersen
75.5%
78Kumar Sangakkara
73%
96*Tillakaratne Dilshan
72.5%
74Tillakaratne Dilshan
72.5%
81Shane Watson
70%
73Jacques Kallis
70%
70Yuvraj Singh
65.5%
89David Warner
63.5%
88*David Hussey
63.5%
72David Warner
63.5%
101Suresh Raina
61%
72*Suresh Raina
61%
90*Herschelle Gibbs
59.5%
Runs % Correct
73*Matthew Hayden
53.5%
75Gautam Gambhir
52.5%
79Paul Collingwood
51%
88Sanath Jayasuriya
50%
81Sanath Jayasuriya
50%
85*Eoin Morgan
49.5%
96*JP Duminy
47%
78JP Duminy
47%
73Kamran Akmal
47%
85*Cameron White
42.5%
85*Andrew Symonds
34%
79*Rohit Sharma
31.5%
71Luke Wright
29.5%
96Damien Martyn
27.5%
74Salman Butt
25.5%
73Salman Butt
25.5%
87*Misbah-ul-Haq
25%
72Marcus Trescothick
24%
94Loots Bosman
22.5%
79Hamiton Masakadza
16%
72Hamiton Masakadza
16%
89*Justin Kemp
14%
88*Hiral Patel
12%
71Junaid Siddique
12%
77Lendl Simmons
10%
81Nazimuddin
2%
79Alex Obanda
2%

You're not logged in!

Compare scores with friends on all Sporcle quizzes.
Join for Free
OR
Log In

You Might Also Like...

Show Comments

Extras

Top Quizzes Today


Score Distribution

Your Account Isn't Verified!

In order to create a playlist on Sporcle, you need to verify the email address you used during registration. Go to your Sporcle Settings to finish the process.

Report this User

Report this user for behavior that violates our Community Guidelines.

Details: